Zwycięscy mistrzostw Europy na żużlu - Statystyki

Ogólne statystyki
  • Ten quiz został rozwiązany 94 razy
  • Średni wynik to 8 z 22
Statystyki odpowiedzi
Aluzja Odpowiedź % Poprawnych
2018 leon madsen
90%
2022 leon madsen
90%
2019 mikkel michelsen
88%
2021 mikkel michelsen
88%
2016 nicki pedersen
64%
2013 martin vaculik
55%
2020 robert lambert
55%
2011 grigorij łaguta
52%
2017 andrzej lebiediew
49%
2003 Krzysztof Kasprzak
31%
2012 ales dryml
23%
2004 matej zagar
23%
2008 matej zagar
23%
2010 sebastian ułamek
23%
2007 Jurica Pavlic
11%
2001 bohumil brhel
10%
2009 rienat gafurow
10%
2005 jesper bruun jensen
8%
2006 krzysztof jabłoński
8%
2014 emil sajfudinov
7%
2015 emil sajfudinov
7%
2002 magnus zetterstrom
6%
Nie znaleziono quizów pasujących do podanych kryteriów
Rozkład punktacji
Procent ludzi z każdym wynikiem
Percentyl według liczby udzielonych odpowiedzi
Twoja historia wyników
Nie rozwiązałeś tego quizu